<?xml version="1.0" encoding="UTF-8"?>
<record
    xmlns:xsi="http://www.w3.org/2001/XMLSchema-instance"
    xsi:schemaLocation="http://www.loc.gov/MARC21/slim http://www.loc.gov/standards/marcxml/schema/MARC21slim.xsd"
    xmlns="http://www.loc.gov/MARC21/slim">

  <leader>01918nam a22002177a 4500</leader>
  <controlfield tag="003">OSt</controlfield>
  <controlfield tag="005">20260313091811.0</controlfield>
  <controlfield tag="008">260313b        |||||||| |||| 00| 0 eng d</controlfield>
  <datafield tag="020" ind1=" " ind2=" ">
    <subfield code="a">9780415125239</subfield>
  </datafield>
  <datafield tag="040" ind1=" " ind2=" ">
    <subfield code="a">DLC</subfield>
    <subfield code="b">en</subfield>
    <subfield code="c">DLC</subfield>
  </datafield>
  <datafield tag="050" ind1=" " ind2=" ">
    <subfield code="a">DUCE GE160.I4 G33</subfield>
  </datafield>
  <datafield tag="100" ind1=" " ind2=" ">
    <subfield code="a">Gadgil, Madhav  </subfield>
    <subfield code="q">Madhav Gadgil</subfield>
  </datafield>
  <datafield tag="245" ind1=" " ind2=" ">
    <subfield code="a">Ecology and equity : </subfield>
    <subfield code="b">the use and abuse of nature in contemporary India/</subfield>
    <subfield code="c">By  Madhav Gadgil and Ramachandra Guha</subfield>
  </datafield>
  <datafield tag="260" ind1=" " ind2=" ">
    <subfield code="a">London:</subfield>
    <subfield code="b">Routledge,</subfield>
    <subfield code="c">1995.</subfield>
  </datafield>
  <datafield tag="300" ind1=" " ind2=" ">
    <subfield code="a">xi, 213 p. :</subfield>
    <subfield code="b"> ill. ; </subfield>
    <subfield code="c">24 cm.</subfield>
  </datafield>
  <datafield tag="500" ind1=" " ind2=" ">
    <subfield code="a">Includes bibliographical references and index</subfield>
  </datafield>
  <datafield tag="520" ind1=" " ind2=" ">
    <subfield code="a">The book examines how environmental resources in contemporary India are used, controlled, and often exploited, and how this process is closely tied to issues of social justice and inequality. Gadgil and Guha argue that environmental degradation is not only an ecological problem but also a social and political one. They show that the benefits of natural resource use&#x2014;such as forests, water, and minerals&#x2014;are often captured by powerful groups, including industries, urban populations, and the state, while the costs are disproportionately borne by rural communities, tribal groups, and the poor.

Through historical analysis and case studies, the authors demonstrate how development policies and large-scale projects have led to deforestation, displacement, and the marginalization of communities that traditionally depended on local ecosystems. The book highlights conflicts between conservation efforts, economic development, and the livelihoods of local people, emphasizing that environmental management must incorporate both ecological sustainability and social equity</subfield>
    <subfield code="u">http://172.20.27.22:4000/handle/123456789/133</subfield>
  </datafield>
  <datafield tag="700" ind1=" " ind2=" ">
    <subfield code="a"> Guha, Ramachandra</subfield>
    <subfield code="e">Contributor</subfield>
    <subfield code="q">Ramachandra Guha</subfield>
  </datafield>
  <datafield tag="856" ind1=" " ind2=" ">
    <subfield code="y">http://172.20.27.22:4000/handle/123456789/133</subfield>
    <subfield code="u">http://172.20.27.22:4000/handle/123456789/133</subfield>
  </datafield>
  <datafield tag="942" ind1=" " ind2=" ">
    <subfield code="2">lcc</subfield>
    <subfield code="c">BK</subfield>
    <subfield code="n">0</subfield>
  </datafield>
  <datafield tag="999" ind1=" " ind2=" ">
    <subfield code="c">4405</subfield>
    <subfield code="d">4405</subfield>
  </datafield>
  <datafield tag="952" ind1=" " ind2=" ">
    <subfield code="0">0</subfield>
    <subfield code="1">0</subfield>
    <subfield code="2">lcc</subfield>
    <subfield code="4">0</subfield>
    <subfield code="7">0</subfield>
    <subfield code="a">DL</subfield>
    <subfield code="b">DL</subfield>
    <subfield code="c">HUM GE105&#x2013;HB2126</subfield>
    <subfield code="d">2026-03-13</subfield>
    <subfield code="l">0</subfield>
    <subfield code="o">DUCE  GE160.I4 G33 </subfield>
    <subfield code="r">2026-03-13 09:22:45</subfield>
    <subfield code="w">2026-03-13</subfield>
    <subfield code="y">BK</subfield>
  </datafield>
</record>
